00973nam a22002655a 4500008004100000020001800041040002800059082002000087110003000107245007100137260004800208300003500256504003100291590001800322650004000340650004600380650002100426650002800447650002900475651001000504653002300514942000800537999001700545952014500562161122t2012 xxu||||fr|||| 00| 0 eng d a9789241564458 aEG-ScBUEbengcEG-ScBUE04222a616.83bWOR2 aWorld Health Organization10aDementia : bA public health priority /cWorld Health Organization aGeneva :bWorld Health Organization,c2012. aviii, 102 p. :bill. ;c30 cm. aBibliography : p. 95-102.  aSuzan Ashmawy 72BUEshaBrainxDiseasesxPrevention. 72BUEshaCaregiversxPsychological aspects. 72BUEshaDementia. 72BUEshaHealth planning. 72BUEshaHealth promotion. 2BUEsh bNNURcNovember2016 2ddc c23238d23210 00102ddc40708BaccahaMAINbMAINc1STd2016-11-22ePurchasel1m1o616.83 WORp000045040q2019-03-05r2019-02-25 00:00:00s2019-02-25yBB